000 00288nam a2200133Ia 4500
008 230312s9999||||xx |||||||||||||| ||und||
082 _a891.4
_bQAS-R
100 _aQasmi, Ahmad Nadeem
245 0 _aRim Jhim
260 _bSangeMeel
300 _a188
650 _aLiterature
942 _cBK
999 _c8725
_d8725